MARC

LEADER 00000cam a2200000 7i4500
001 0000009303
005 20150903.0
020 |a 0883290030 
040 |a INS 
090 0 0 |a HJ3241   |b I67 1974 
111 2 |a International Conference on Assessment Administration   |n 38th   |d Dallas   |c 1972 
245 1 0 |a Automated mass appraisal of real property   |c edited by John B. Rackham and Theodore Reynolds Smith 
260 |a Chicago :   |b International Association of Assessing Officers ,   |c 1974 
300 |a 202p ;   |c 23cm. 
500 |a Papers...based upon presentations made at three separate and progressive sessions...sponsored by the International Association of Assessing Officers and the John C. Lincoln Institute, Hartford, Connecticut 
650 0 0 |a Tax assessment   |x Data processing   |x Congresses 
650 0 0 |a Tax assessment   |x Statistical methods   |x Congresses 
700 1 |a Rackham, John B. 
700 1 |a Smith, Theodore Reynolds 
710 2 |a International Association of Assessing Officers 
710 2 |a John C. Lincoln Institute 
999 |a 0000022575   |b BOOK   |c Open Shelf   |e Default branch